Policía, violencia, democracia: ensayos sociológicos

Gespeichert in:  
Bibliographische Detailangaben
Beteiligte: Sozzo, Máximo 1972- (Herausgegeben von)
Medienart: Druck Buch
Sprache:Spanisch
Veröffentlicht: Santa Fe, Argentina UNL, Univ. Nacional del Litoral 2005
In:Jahr: 2005
Ausgabe:1. ed.
Verfügbarkeit prüfen: HBZ Gateway
Subito Bestelldienst: Jetzt bestellen.
Schlagwörter:

MARC

LEADER 00000cam a2200000 c 4500
001 519803663
003 DE-627
005 20250708153725.0
007 tu
008 061109s2005 ag ||||| 00| ||spa c
010 |a  2006495962 
020 |a 9875085871  |9 987-508-587-1 
020 |a 9789875085879  |9 978-987-508-587-9 
035 |a (DE-627)519803663 
035 |a (DE-599)GBV519803663 
035 |a (OCoLC)255630045 
040 |a DE-627  |b ger  |c DE-627  |e rakwb 
041 |a spa 
044 |c XD-AR 
050 0 |a HV8179.S35 
084 |a 2,1  |2 ssgn 
245 0 0 |a Policía, violencia, democracia  |b ensayos sociológicos  |c Máximo Sozzo (director) 
250 |a 1. ed. 
264 1 |a Santa Fe, Argentina  |b UNL, Univ. Nacional del Litoral  |c 2005 
300 |a 220 S.  |b graph. Darst. 
336 |a Text  |b txt  |2 rdacontent 
337 |a ohne Hilfsmittel zu benutzen  |b n  |2 rdamedia 
338 |a Band  |b nc  |2 rdacarrier 
490 0 |a Ciencia y técnica 
650 0 |a Police  |z Argentina  |z Santa Fe (Province) 
650 0 |a Violence  |z Argentina  |z Santa Fe (Province) 
700 1 |a Sozzo, Máximo  |d 1972-  |e HerausgeberIn  |0 (DE-588)1056457392  |0 (DE-627)794718493  |0 (DE-576)412435101  |4 edt 
951 |a BO 
ELC |b 1 
ORI |a SA-MARC-krimdok_oa001.raw